000 00421 a2200145 4500
245 _aNorton anthology of short fiction
_hprint
020 _a039396664X
250 _aShorter 5th ed.
700 _aCassill, R. V. (Ronald Verlin)
650 _aFICTION
005 20191017172825.0
260 _anyu
_bNorton
_cc1995
084 _aPN6120.2 .N59 1995b
300 _axxxi, 968 p.
_b 21 cm.
_cxxxi, 968 p. ; 21 cm.
500 _a[compiled by] R.V. Cassill.
999 _c9420
_d9420